000 00283nam a22001337a 4500
008 170718b xxu||||| |||| 00| 0 eng d
020 _a0300043201
041 _aeng
080 _a2
100 _a24
101 _aTEO
245 _aTHE BOOK OF GOD
_cJOSIPOVICI, G
942 _2udc
_cBK
999 _c21459
_d21459